00471nam a22001455i 450000100060000000300090000600700030001500800410001804000200005910000290007924500780010826000790018630000380026585200220030368506ES-MaACLt|960807s1891 phl ||||1| spa d aCAM bspa cCAM1 aGarin y Sociats, Arturo.10aCavite, Subig y Olongapó b: memoria / cpor Arturo Garin y Olongapó. aManila : b[s.n.], c1891 (fEstab. tipo-litog. de Ramirez y Compañía) a176 p., [1] h. de fot. ; c21 cm. aES-MaACLjG-14104